[Event "Europa ch Femenino 2013"]
[Site "Belgrado SER"]
[Date "2013.07.29"]
[Round "7.77"]
[White "Oliveira, Maria Ines"]
[Black "Brankov, Kristina"]
[Result "1/2-1/2"]
[WhiteElo "1978"]
[BlackElo "1903"]
[PlyCount "81"]
[EventDate "2013.07.23"]
[EventType "swiss"]
[EventRounds "11"]
[EventCountry "SER"]
[Source "lmi"]
[SourceDate "2013.07.22"]

1. e4 c5 2. Nf3 d6 3. d4 cxd4 4. Nxd4 Nf6 5. Nc3 Bd7 6. Bg5 e6 7. Ndb5 Bxb5 8.
Bxb5+ Nc6 9. O-O Be7 10. Be3 a6 11. Be2 b5 12. a3 Qc7 13. f4 Na5 14. Kh1 Nc4
15. Bc1 Rc8 16. Qe1 O-O 17. Rf3 Qb7 18. Bd3 d5 19. e5 Nd7 20. Rh3 g6 21. b3
Ncb6 22. f5 exf5 23. Bh6 Rfe8 24. Bxf5 Qc6 25. Qd2 b4 26. Ne2 bxa3 27. Nd4 Qc5
28. e6 Ne5 29. exf7+ Nxf7 30. Bxc8 Rxc8 31. c3 Bf6 32. Rf1 Bxd4 33. cxd4 Qc2
34. Qf2 Qxf2 35. Rxf2 Nxh6 36. g3 Nf5 37. Ra2 Nxd4 38. Rxa3 Rc3 39. Rxa6 Rxb3
40. Rh4 Nf5 41. Rf4 1/2-1/2

[Event "Europa ch Femenino 2013"]
[Site "Belgrado SER"]
[Date "2013.07.29"]
[Round "7.78"]
[White "Serefidou, Despina"]
[Black "Rakic, Teodora"]
[Result "1/2-1/2"]
[WhiteElo "1971"]
[BlackElo "1862"]
[PlyCount "86"]
[EventDate "2013.07.23"]
[EventType "swiss"]
[EventRounds "11"]
[EventCountry "SER"]
[Source "lmi"]
[SourceDate "2013.07.22"]

1. e4 g6 2. d4 Bg7 3. Nc3 d6 4. f4 a6 5. Nf3 b5 6. a3 Bb7 7. Bd3 Nd7 8. O-O c5
9. d5 Ngf6 10. Re1 O-O 11. Bf1 Nb6 12. Qe2 Qc7 13. Qf2 b4 14. Nd1 e6 15. dxe6
Nxe4 16. Qh4 f5 17. Nf2 Bf6 18. Qh3 Nxf2 19. Kxf2 Bxf3 20. Qxf3 Bd4+ 21. Kg3 a5
22. c3 bxc3 23. bxc3 Bf6 24. Bb5 Rab8 25. a4 Qe7 26. Kh3 Qg7 27. g3 Bxc3 28. e7
Bxe1 29. exf8=Q+ Kxf8 30. Qc6 Qe7 31. Ra2 c4 32. Ba3 Bb4 33. Bxb4 axb4 34. a5
b3 35. Rb2 Rc8 36. Qxb6 c3 37. Re2 Qc7 38. Re8+ Kf7 39. Rxc8 Qxc8 40. Qxd6 c2
41. Bd7 Qc4 42. Bc6 Qf1+ 43. Bg2 c1=Q 1/2-1/2

[Event "Europa ch Femenino 2013"]
[Site "Belgrado SER"]
[Date "2013.07.29"]
[Round "7.79"]
[White "Djukic, Sandra"]
[Black "Ivekovic, Ivana"]
[Result "1-0"]
[WhiteElo "2197"]
[BlackElo "1858"]
[PlyCount "80"]
[EventDate "2013.07.23"]
[EventType "swiss"]
[EventRounds "11"]
[EventCountry "SER"]
[Source "lmi"]
[SourceDate "2013.07.22"]

1. d4 Nf6 2. c4 g6 3. Nc3 Bg7 4. e4 d6 5. f3 O-O 6. Be3 e5 7. d5 Nh5 8. Qd2 f5
9. Nge2 Nf6 10. O-O-O Nbd7 11. Bg5 a6 12. exf5 gxf5 13. Ng3 f4 14. Nge4 Qe8 15.
Bh4 Nxe4 16. Nxe4 Nf6 17. Bd3 Nxe4 18. Bxe4 Bf5 19. Rde1 Qa4 20. Qc2 Qxc2+ 21.
Kxc2 Bxe4+ 22. Rxe4 Rf7 23. Kd3 Kf8 24. Re2 Ke8 25. Rd1 Kd7 26. Be1 a5 27. b3
b6 28. a4 Bf8 29. Ke4 Be7 30. Ra1 Rg8 31. Raa2 Rgf8 32. Bc3 Bh4 33. Rec2 Rg8
34. Re2 Rgf8 35. Kd3 Be7 36. c5 dxc5 37. Bxe5 Re8 38. Rad2 Bg5 39. Re4 Rff8 40.
h3 h6 1-0

[Event "Europa ch Femenino 2013"]
[Site "Belgrado SER"]
[Date "2013.07.29"]
[Round "7.80"]
[White "Velickovski-Nejkovic, Maja"]
[Black "Rudovic, Anja"]
[Result "0-1"]
[WhiteElo "2083"]
[BlackElo "1549"]
[PlyCount "84"]
[EventDate "2013.07.23"]
[EventType "swiss"]
[EventRounds "11"]
[EventCountry "SER"]
[Source "lmi"]
[SourceDate "2013.07.22"]

1. c4 Nf6 2. Nc3 g6 3. Nf3 Bg7 4. g3 d6 5. Bg2 c5 6. O-O Nc6 7. a3 Bd7 8. Rb1
Qc8 9. Re1 Bh3 10. Bh1 h5 11. Nd5 h4 12. Qa4 hxg3 13. fxg3 Bd7 14. Qd1 Nd4 15.
d3 Bc6 16. Nxf6+ Bxf6 17. Bg2 Qg4 18. e4 Qh5 19. h4 Bd7 20. Nxd4 Qxd1 21. Rxd1
Bxd4+ 22. Kf1 Bg4 23. Re1 O-O-O 24. Be3 Be5 25. Kf2 Rdf8 26. b4 f5 27. d4 fxe4+
28. Kg1 cxd4 29. Bg5 Bxg3 30. Rxe4 Bf5 31. Rxe7 Bxb1 32. Bxb7+ Kb8 33. Bd5 Bxh4
34. Rb7+ Kc8 35. Bd2 Bf2+ 36. Kg2 Be3 37. c5 dxc5 38. Rxa7 Bxd2 39. b5 Bd3 40.
b6 Bf1+ 41. Kg3 Be1+ 42. Kg4 Be2+ 0-1

[Event "Europa ch Femenino 2013"]
[Site "Belgrado SER"]
[Date "2013.07.29"]
[Round "7.81"]
[White "Nikolovska, Dragana"]
[Black "Velikic, Adela"]
[Result "0-1"]
[WhiteElo "1848"]
[BlackElo "1992"]
[PlyCount "99"]
[EventDate "2013.07.23"]
[EventType "swiss"]
[EventRounds "11"]
[EventCountry "SER"]
[Source "lmi"]
[SourceDate "2013.07.22"]

1. e4 c5 2. Nf3 d6 3. d4 cxd4 4. Qxd4 Nc6 5. Bb5 Bd7 6. Bxc6 Bxc6 7. Nc3 e6 8.
Bg5 Nf6 9. O-O-O Be7 10. Rhe1 Qa5 11. Qd2 h6 12. Be3 Qa6 13. Nd4 Nxe4 14. Nxe4
Bxe4 15. a3 d5 16. f3 Bh7 17. g4 Rc8 18. Kb1 Bf6 19. Rc1 O-O 20. g5 hxg5 21.
Bxg5 e5 22. Nb3 Bxg5 23. Qxg5 Rxc2 24. Ka1 Qf6 25. Rxe5 Qxg5 26. Rxg5 Rxc1+ 27.
Nxc1 Rd8 28. b4 d4 29. Nb3 d3 30. Nd2 f6 31. Rc5 Rd7 32. Kb2 Kf7 33. Kc3 Ke6
34. Nf1 d2 35. Nxd2 Rd3+ 36. Kc2 Rxf3+ 37. Kd1 Rxa3 38. Rc7 Bd3 39. Ke1 g5 40.
Rxb7 g4 41. b5 f5 42. b6 axb6 43. Rxb6+ Ke5 44. Rg6 Kf4 45. Re6 Be4 46. Rb6 Rh3
47. Nf1 Bd3 48. Rb2 Kg5 49. Ra2 Kh4 50. Ne3 0-1

[Event "Europa ch Femenino 2013"]
[Site "Belgrado SER"]
[Date "2013.07.29"]
[Round "7.82"]
[White "Jankovic, Milanka"]
[Black "Paramentic, Mila"]
[Result "0-1"]
[WhiteElo "1619"]
[BlackElo "1936"]
[PlyCount "118"]
[EventDate "2013.07.23"]
[EventType "swiss"]
[EventRounds "11"]
[EventCountry "SER"]
[Source "lmi"]
[SourceDate "2013.07.22"]

1. d4 d5 2. Nf3 Nf6 3. Nc3 e6 4. Bf4 Bd6 5. Qd2 a6 6. h3 b5 7. Bxd6 Qxd6 8. a3
Nbd7 9. b4 Nb6 10. e3 Bb7 11. Bd3 Nc4 12. Qe2 h6 13. Bxc4 dxc4 14. O-O O-O 15.
Rfd1 Rfd8 16. Rd2 Qc6 17. Re1 a5 18. e4 axb4 19. axb4 Ra3 20. Nb1 Ra1 21. c3
Nxe4 22. Ra2 Rxa2 23. Qxa2 Ra8 24. Qc2 Ra1 25. Ne5 Qd5 26. f3 Ng3 27. Kh2 Nf5
28. Qf2 Qd6 29. g3 Qa6 30. Kg1 Ra2 31. Re2 Rxe2 32. Qxe2 Nxg3 33. Qc2 Nf5 34.
Kf2 Nh4 35. Nd2 Qa1 36. Nb1 Bd5 37. Kg3 Nf5+ 38. Kf2 Nxd4 39. Qc1 Nf5 40. Qc2
Nh4 41. f4 Nf5 42. Nd7 Nd6 43. Nc5 f5 44. Ke3 Ne4 45. Kd4 Nxc5 46. bxc5 Be4 47.
Qd1 Qxb1 48. Qxb1 Bxb1 49. Ke5 c6 50. Kxe6 g5 51. Ke5 Kf7 52. fxg5 hxg5 53. Kd6
Be4 54. Ke5 Kg6 55. Kd4 Kh5 56. Ke3 Kh4 57. Kf2 Kxh3 58. Kg1 g4 59. Kf1 Kh2 0-1

[Event "Europa ch Femenino 2013"]
[Site "Belgrado SER"]
[Date "2013.07.29"]
[Round "7.83"]
[White "Pihajlic, Amalija"]
[Black "Sarjanovic, Andjela"]
[Result "1-0"]
[WhiteElo "1882"]
[BlackElo "1655"]
[PlyCount "81"]
[EventDate "2013.07.23"]
[EventType "swiss"]
[EventRounds "11"]
[EventCountry "SER"]
[Source "lmi"]
[SourceDate "2013.07.22"]

1. e4 c6 2. d4 d5 3. f3 e6 4. Nc3 Nf6 5. Bg5 Be7 6. e5 Nfd7 7. Bxe7 Qxe7 8. f4
Nb6 9. b3 a6 10. a4 c5 11. Nf3 Nc6 12. Qd2 Nd7 13. Be2 cxd4 14. Nxd4 Nxd4 15.
Qxd4 Qc5 16. Qxc5 Nxc5 17. b4 Nd7 18. Kd2 b6 19. a5 Bb7 20. Bd3 Ke7 21. Ne2
Rhc8 22. Nd4 bxa5 23. bxa5 Nc5 24. Rab1 Rab8 25. Rb6 Kd7 26. Rhb1 Rc7 27. Bxa6
Nxa6 28. Rxa6 Bxa6 29. Rxb8 Rc4 30. c3 Ra4 31. Nb3 Ra2+ 32. Ke3 Bc4 33. Nc5+
Kc6 34. Rc8+ Kb5 35. Nb7 Ra3 36. Kd4 Ra2 37. Nd6+ Ka4 38. Nxc4 dxc4 39. Kxc4
Rf2 40. a6 Rxf4+ 41. Kd3 1-0

[Event "Europa ch Femenino 2013"]
[Site "Belgrado SER"]
[Date "2013.07.29"]
[Round "7.84"]
[White "Sekulovic, Dusica"]
[Black "Korbovljanovic, Natasa"]
[Result "1/2-1/2"]
[WhiteElo "1805"]
[BlackElo "1877"]
[PlyCount "96"]
[EventDate "2013.07.23"]
[EventType "swiss"]
[EventRounds "11"]
[EventCountry "SER"]
[Source "lmi"]
[SourceDate "2013.07.22"]

1. e4 e5 2. Nf3 Nf6 3. Nc3 Bb4 4. Bc4 d6 5. d3 Bg4 6. h3 Bh5 7. a3 Ba5 8. Be3
Nc6 9. O-O Qd7 10. b4 Bb6 11. Nd5 Nxd5 12. Bxd5 Nd4 13. Bxd4 Bxd4 14. Rb1 c6
15. Bb3 Qe7 16. g4 Bg6 17. Qd2 Bb6 18. Kg2 h5 19. Rh1 O-O-O 20. Qg5 Qd7 21. Qh4
Rdf8 22. Qg3 f6 23. Nh4 Bf7 24. f3 g6 25. Kf1 Rhg8 26. Ke2 Bxb3 27. Rxb3 f5 28.
g5 fxe4 29. dxe4 Qe7 30. Ng2 Rf7 31. h4 Rgf8 32. Rd1 Bd4 33. Rbd3 Rd8 34. c3
Bb6 35. a4 Qe6 36. a5 Bc7 37. Qe1 Qh3 38. Qh1 Qe6 39. Qe1 Rdf8 40. Qh1 Rd7 41.
Ne3 Qf7 42. Qh3 Rfd8 43. c4 Kb8 44. R3d2 Qg8 45. Re1 Qf7 46. Rf1 Qe7 47. Rb1
Ka8 48. Rbd1 Qf7 1/2-1/2

[Event "Europa ch Femenino 2013"]
[Site "Belgrado SER"]
[Date "2013.07.31"]
[Round "8.2"]
[White "Muzychuk, Anna"]
[Black "Pogonina, Natalija"]
[Result "1/2-1/2"]
[WhiteElo "2594"]
[BlackElo "2478"]
[PlyCount "80"]
[EventDate "2013.07.23"]
[EventType "swiss"]
[EventRounds "11"]
[EventCountry "SER"]
[Source "lmi"]
[SourceDate "2013.07.22"]

1. e4 e5 2. Nf3 Nc6 3. Bc4 Bc5 4. O-O Nf6 5. d3 O-O 6. Nbd2 a6 7. c3 d5 8. exd5
Nxd5 9. Re1 Nb6 10. Ne4 Nxc4 11. Nxc5 Qd5 12. b4 Nb6 13. c4 Qd8 14. a4 Nd7 15.
Bg5 Qe8 16. Nxd7 Qxd7 17. b5 Nd4 18. Nxe5 Qf5 19. Be7 Re8 20. g4 Qf4 21. Re4
Qh6 22. Rxd4 f6 23. Nf3 Rxe7 24. Qc1 Qg6 25. Qf4 Qe8 26. Re4 Rxe4 27. dxe4 Be6
28. Nd4 Qd7 29. Nxe6 Qxe6 30. Rd1 Qxc4 31. Rd7 Re8 32. Rxc7 Qxe4 33. Qxe4 Rxe4
34. h3 Rxa4 35. b6 Rb4 36. Rxb7 a5 37. Kg2 a4 38. Ra7 Rxb6 39. Rxa4 Rb7 40. Kg3
Kf7 1/2-1/2

[Event "Europa ch Femenino 2013"]
[Site "Belgrado SER"]
[Date "2013.07.31"]
[Round "8.3"]
[White "Melia, Salome"]
[Black "Dzagnidze, Nana"]
[Result "1-0"]
[WhiteElo "2428"]
[BlackElo "2558"]
[PlyCount "78"]
[EventDate "2013.07.23"]
[EventType "swiss"]
[EventRounds "11"]
[EventCountry "SER"]
[Source "lmi"]
[SourceDate "2013.07.22"]

1. e4 c5 2. Nf3 e6 3. d4 cxd4 4. Nxd4 a6 5. Bd3 Nf6 6. Qe2 d6 7. O-O g6 8. c4
Bg7 9. Nf3 O-O 10. Rd1 Nc6 11. h3 Nd7 12. Nc3 Nde5 13. Bf4 Nxf3+ 14. Qxf3 e5
15. Be3 f5 16. exf5 gxf5 17. Qh5 Be6 18. Nd5 Bxd5 19. cxd5 Ne7 20. Bg5 e4 21.
Be2 Qd7 22. f3 exf3 23. Qxf3 Ng6 24. Qb3 Rae8 25. Bh5 Re4 26. Rac1 Ne5 27. Bd2
f4 28. Rf1 Qf5 29. Bd1 Qg5 30. Rc7 Rd4 31. Qc2 Rd3 32. Rc8 Rd4 33. Rc7 Qg3 34.
Be1 Qg5 35. Bd2 b5 36. b3 Rxd5 37. a4 Qg3 38. Bf3 Rd3 39. Be4 Rd4 1-0

[Event "Europa ch Femenino 2013"]
[Site "Belgrado SER"]
[Date "2013.07.31"]
[Round "8.4"]
[White "Khurtsidze, Nino"]
[Black "Kosteniuk, Alexandra"]
[Result "0-1"]
[WhiteElo "2443"]
[BlackElo "2489"]
[PlyCount "90"]
[EventDate "2013.07.23"]
[EventType "swiss"]
[EventRounds "11"]
[EventCountry "SER"]
[Source "lmi"]
[SourceDate "2013.07.22"]

1. d4 Nf6 2. c4 e6 3. Nc3 Bb4 4. e3 O-O 5. Nge2 d5 6. a3 Be7 7. cxd5 exd5 8.
Nf4 Re8 9. Bd3 Bd6 10. O-O Bxf4 11. exf4 Nc6 12. f3 a6 13. Ne2 Nd7 14. f5 Qf6
15. Bb1 Nb6 16. g4 Nc4 17. Qd3 Bd7 18. g5 Qxf5 19. Qc3 Qh3 20. Bd3 Qh4 21. Rf2
Nd6 22. Nf4 Qxg5+ 23. Rg2 Qh4 24. Bd2 Bh3 25. Rg3 Bf5 26. Nxd5 Qxd4+ 27. Qxd4
Nxd4 28. Nf6+ Kf8 29. Nxe8 Bxd3 30. Nxd6 cxd6 31. Bb4 Ne2+ 32. Kf2 Nxg3 33.
Bxd6+ Kg8 34. Kxg3 Rd8 35. Rc1 Bb5 36. Be7 Re8 37. Rc7 Bc6 38. Kf2 f6 39. Bb4
Re5 40. Re7 Rf5 41. Re3 g5 42. Kg3 h5 43. Rd3 h4+ 44. Kg4 Rf4+ 45. Kh5 Kg7 0-1

[Event "Europa ch Femenino 2013"]
[Site "Belgrado SER"]
[Date "2013.07.31"]
[Round "8.5"]
[White "Khotenashvili, Bela"]
[Black "Arabidze, Meri"]
[Result "1/2-1/2"]
[WhiteElo "2512"]
[BlackElo "2320"]
[PlyCount "84"]
[EventDate "2013.07.23"]
[EventType "swiss"]
[EventRounds "11"]
[EventCountry "SER"]
[Source "lmi"]
[SourceDate "2013.07.22"]

1. d4 f5 2. Nf3 Nf6 3. g3 e6 4. Bg2 d5 5. Ne5 Bd6 6. Nd3 O-O 7. O-O Nc6 8. c3
e5 9. dxe5 Nxe5 10. Nf4 c6 11. b3 Qe7 12. a4 Re8 13. Ba3 Bxa3 14. Nxa3 Ng6 15.
Nxg6 hxg6 16. Ra2 Be6 17. a5 Ne4 18. Nb1 Rad8 19. Qc1 Bf7 20. Nd2 Nc5 21. e3
Ne4 22. Nf3 Qf6 23. Rc2 g5 24. c4 a6 25. cxd5 Bxd5 26. Qb2 Qf7 27. b4 g4 28.
Ne5 Qf6 29. f4 gxf3 30. Nxf3 Qh6 31. Qc1 Nd6 32. Rc3 Be4 33. Nd4 Bxg2 34. Kxg2
Re5 35. Rf4 Rd5 36. Rc2 Re8 37. Rc5 Rde5 38. Rxe5 Rxe5 39. Qc3 Rd5 40. Qb3 Qg6
41. Ne2 Qf7 42. Nd4 Re5 1/2-1/2

[Event "Europa ch Femenino 2013"]
[Site "Belgrado SER"]
[Date "2013.07.31"]
[Round "8.6"]
[White "Atalik, Ekaterina"]
[Black "Rakic, Marija"]
[Result "1-0"]
[WhiteElo "2430"]
[BlackElo "2294"]
[PlyCount "129"]
[EventDate "2013.07.23"]
[EventType "swiss"]
[EventRounds "11"]
[EventCountry "SER"]
[Source "lmi"]
[SourceDate "2013.07.22"]

1. d4 Nf6 2. c4 e6 3. Nc3 Bb4 4. e3 b6 5. Nge2 Ba6 6. Ng3 Bxc3+ 7. bxc3 d5 8.
Ba3 Bxc4 9. Bxc4 dxc4 10. Qa4+ Qd7 11. Qxc4 Qc6 12. Qxc6+ Nxc6 13. c4 O-O-O 14.
Ke2 Kb7 15. Bb2 Rd7 16. Bc3 Rc8 17. a4 a5 18. Rab1 Ka6 19. Rhc1 h6 20. f3 Rdd8
21. Nf1 Ne7 22. Nd2 c5 23. dxc5 Rxc5 24. Bd4 Rc6 25. c5 Nfd5 26. cxb6 Rxc1 27.
Rxc1 Nf5 28. Be5 Kxb6 29. g4 f6 30. gxf5 fxe5 31. fxe6 Re8 32. Nc4+ Ka6 33.
Nxe5 Rxe6 34. f4 g5 35. Rc5 Ne7 36. fxg5 hxg5 37. Nc4 Nc6 38. Rxg5 Rh6 39. Rg2
Rh4 40. Kd3 Kb7 41. Kc3 Rh3 42. Rg5 Kc7 43. Rc5 Kd7 44. Ne5+ Nxe5 45. Rxe5 Kd6
46. Kd4 Rh4+ 47. e4 Rxh2 48. Rxa5 Rd2+ 49. Ke3 Ra2 50. Kd4 Rd2+ 51. Kc4 Rc2+
52. Kd3 Ra2 53. Rd5+ Kc6 54. a5 Ra4 55. Ke3 Ra1 56. Kd4 Rh1 57. Rg5 Kd6 58.
Rg6+ Ke7 59. a6 Ra1 60. Rb6 Ra5 61. Rb7+ Kd6 62. Rb6+ Kd7 63. Ke3 Ke7 64. Kf4
Kd7 65. Rh6 1-0

[Event "Europa ch Femenino 2013"]
[Site "Belgrado SER"]
[Date "2013.07.31"]
[Round "8.1"]
[White "Daulyte, Deimante"]
[Black "Cmilyte, Viktorija"]
[Result "0-1"]
[WhiteElo "2363"]
[BlackElo "2497"]
[PlyCount "142"]
[EventDate "2013.07.23"]
[EventType "swiss"]
[EventRounds "11"]
[EventCountry "SER"]
[Source "lmi"]
[SourceDate "2013.07.22"]

1. e4 c5 2. Nc3 a6 3. g3 b5 4. Bg2 Bb7 5. Nge2 e6 6. O-O Nf6 7. e5 Bxg2 8. Kxg2
Ng4 9. d4 Qc7 10. Bf4 Qb7+ 11. f3 f6 12. d5 Nxe5 13. Bxe5 fxe5 14. d6 Nc6 15.
Ne4 Nd8 16. a4 b4 17. c3 b3 18. c4 Nf7 19. Qd3 Rc8 20. Ra3 Rc6 21. Rxb3 Qa8 22.
Qd2 Nxd6 23. Nxd6+ Rxd6 24. Qg5 Kf7 25. Qh5+ g6 26. Qxe5 Be7 27. Nc3 Rd2+ 28.
Kh1 Rd4 29. Ne4 d6 30. Qf4+ Kg7 31. Qe3 Rf8 32. Nf2 e5 33. Rc1 Qc6 34. Ne4 Rf7
35. a5 Bd8 36. Ra3 h6 37. Kg2 Rb7 38. Rc2 Rf7 39. Ra1 Qd7 40. b3 Qb7 41. Raa2
Bg5 42. Qe2 Qb8 43. Rc3 Bd8 44. Qc2 Qb7 45. Re3 h5 46. h4 Rf5 47. Nc3 Rf8 48.
Ne2 Rg4 49. Qd1 Bxh4 50. Qd5 Qxd5 51. cxd5 Bg5 52. Re4 Rxe4 53. fxe4 Be3 54.
Nc3 Rb8 55. Na4 Rxb3 56. Nb6 Bg5 57. Nc8 c4 58. Rc2 c3 59. Kf3 Bd2 60. Ke2 Kf6
61. Nxd6 Rb4 62. Kd3 Rd4+ 63. Ke2 Ke7 64. Nc8+ Kd8 65. Nb6 Rxe4+ 66. Kd3 Rd4+
67. Ke2 e4 68. Ra2 e3 69. Kd1 Re4 70. Ke2 h4 71. Ra1 c2 0-1

[Event "Europa ch Femenino 2013"]
[Site "Belgrado SER"]
[Date "2013.07.31"]
[Round "8.3"]
[White "Mkrtchian, Lilit"]
[Black "Kashlinskaya, Alina"]
[Result "1/2-1/2"]
[WhiteElo "2454"]
[BlackElo "2334"]
[PlyCount "80"]
[EventDate "2013.07.23"]
[EventType "swiss"]
[EventRounds "11"]
[EventCountry "SER"]
[Source "lmi"]
[SourceDate "2013.07.22"]

1. c4 g6 2. g3 Bg7 3. Bg2 e5 4. Nc3 f5 5. d4 exd4 6. Nb5 Nf6 7. Nxd4 O-O 8. Nh3
Nc6 9. O-O Ne4 10. Nxc6 dxc6 11. Qc2 Be6 12. Be3 Qf6 13. Rab1 h6 14. Rfd1 Rad8
15. f3 Nd6 16. b3 g5 17. f4 Nf7 18. Rxd8 Rxd8 19. Rd1 Rxd1+ 20. Qxd1 g4 21. Nf2
a5 22. a4 Qb2 23. Nd3 Qc3 24. Bd2 Qd4+ 25. Kh1 b5 26. axb5 cxb5 27. cxb5 Nd6
28. Qg1 Nxb5 29. Qxd4 Bxd4 30. Bxa5 Bxb3 31. h3 gxh3 32. Bc6 Bc3 33. Bxb5 Bxa5
34. Bd7 Bd1 35. Bxf5 Bxe2 36. Kh2 Kg7 37. Kxh3 Bf1+ 38. Kh2 Kf6 39. Be4 Bxd3
40. Bxd3 Bc3 1/2-1/2

[Event "Europa ch Femenino 2013"]
[Site "Belgrado SER"]
[Date "2013.07.31"]
[Round "8.4"]
[White "Charochkina, Daria"]
[Black "Socko, Monika"]
[Result "0-1"]
[WhiteElo "2326"]
[BlackElo "2435"]
[PlyCount "92"]
[EventDate "2013.07.23"]
[EventType "swiss"]
[EventRounds "11"]
[EventCountry "SER"]
[Source "lmi"]
[SourceDate "2013.07.22"]

1. d4 Nf6 2. c4 g6 3. Nc3 Bg7 4. e4 d6 5. f4 O-O 6. Nf3 c5 7. d5 e6 8. Be2 exd5
9. cxd5 Re8 10. Nd2 Na6 11. O-O Nc7 12. a4 b6 13. Re1 Ba6 14. Bf3 Rb8 15. Ndb1
c4 16. Na3 Nd7 17. Ncb5 Bxb5 18. axb5 c3 19. Rb1 f5 20. e5 dxe5 21. d6 Ne6 22.
Bd5 e4 23. b4 Kh8 24. Nc2 Nf6 25. Bc6 Rf8 26. Ra1 Rf7 27. h3 Bf8 28. d7 Qc7 29.
Nd4 Nxd4 30. Qxd4 Bg7 31. Qe5 Rxd7 32. Bxd7 Qxe5 33. fxe5 Nxd7 34. Rxa7 Nxe5
35. Bf4 Re8 36. Rea1 Nd3 37. Be3 Be5 38. Bh6 Kg8 39. g3 Nxb4 40. Ra8 Rxa8 41.
Rxa8+ Kf7 42. Ra7+ Ke6 43. Rxh7 c2 44. Kg2 Bd4 45. Rc7 e3 46. Bf8 Nd3 0-1

[Event "Europa ch Femenino 2013"]
[Site "Belgrado SER"]
[Date "2013.07.31"]
[Round "8.6"]
[White "Goryachkina, Aleksandra"]
[Black "Schut, Lisa"]
[Result "1/2-1/2"]
[WhiteElo "2401"]
[BlackElo "2277"]
[PlyCount "274"]
[EventDate "2013.07.23"]
[EventType "swiss"]
[EventRounds "11"]
[EventCountry "SER"]
[Source "lmi"]
[SourceDate "2013.07.22"]

1. d4 Nf6 2. c4 g6 3. Nc3 d5 4. Bg5 Ne4 5. h4 Bg7 6. e3 c5 7. cxd5 Nxc3 8. bxc3
cxd4 9. exd4 Qxd5 10. Nf3 h6 11. Be3 Nc6 12. Be2 Bg4 13. Qb3 Qxb3 14. axb3 O-O
15. Nd2 Bxe2 16. Kxe2 e6 17. Rhd1 Rfd8 18. Nf3 Rd7 19. Bf4 Rc8 20. Rdc1 a5 21.
Nd2 b5 22. Be3 Rcd8 23. Nf3 Rd6 24. Ne5 Bxe5 25. dxe5 Rd5 26. Bxh6 Rxe5+ 27.
Be3 b4 28. Kf1 Rd3 29. cxb4 Nxb4 30. Rc8+ Kg7 31. g3 Rb5 32. Rc5 Rd5 33. Rxb5
Rxb5 34. Bd2 Nd5 35. Ra3 Nb4 36. Ke2 Kf6 37. Bc3+ Kf5 38. f3 e5 39. g4+ Ke6 40.
Kd2 Rd5+ 41. Ke2 Rb5 42. h5 gxh5 43. gxh5 Kf5 44. Ra1 Nd5 45. Bxa5 Nf4+ 46. Kd2
Rxb3 47. h6 Rb2+ 48. Kd1 Rh2 49. Ra3 Rxh6 50. Re3 Rh1+ 51. Re1 Rh2 52. Re3 Rf2
53. Rb3 Ne6 54. Ke1 Rh2 55. Bb6 Ng5 56. Kf1 Rc2 57. Bf2 f6 58. Ra3 Rb2 59. Rd3
Rb1+ 60. Kg2 Ne6 61. Ra3 Nf4+ 62. Kg3 Rb2 63. Re3 Kg5 64. Ra3 f5 65. Re3 Ng6
66. Ra3 Nf4 67. Re3 Ne2+ 68. Kg2 Kf4 69. Ra3 Nd4 70. Rc3 Ra2 71. Rc4 Kg5 72.
Rc3 Ne2 73. Rb3 f4 74. Kf1 Ng3+ 75. Kg1 Kf5 76. Rd3 Nh5 77. Rb3 Nf6 78. Rc3 e4
79. Rc5+ Kg6 80. Rc6 Kf5 81. Rc5+ Ke6 82. Rc6+ Ke5 83. Rc5+ Nd5 84. fxe4 Kxe4
85. Rb5 Rc2 86. Ra5 Nc3 87. Ra3 Nd5 88. Kf1 Nf6 89. Ra4+ Kf3 90. Ra3+ Kg4 91.
Ra4 Nh5 92. Ra3 Ng7 93. Rb3 Ne6 94. Ra3 Ng5 95. Ra4 Nh3 96. Ba7 Kg3 97. Ra3+ f3
98. Bb8+ Kg4 99. Ra4+ Kf5 100. Ra5+ Ke4 101. Ra4+ Kd5 102. Ra1 Rg2 103. Ba7 Rh2
104. Rd1+ Ke6 105. Ke1 Ra2 106. Bb6 Ke5 107. Kf1 Ra6 108. Bc5 Rc6 109. Ba7 Rc2
110. Bb6 Nf4 111. Ba7 Kf5 112. Bb8 Ne2 113. Ra1 Nc3 114. Ba7 Ne4 115. Bb8 Nd2+
116. Kg1 f2+ 117. Kg2 f1=Q+ 118. Rxf1+ Nxf1+ 119. Kxf1 Ke4 120. Kg1 Kf3 121.
Kh1 Rc1+ 122. Kh2 Ra1 123. Be5 Ra2+ 124. Kh1 Rg2 125. Bd6 Kf2 126. Bc5+ Kg3
127. Bd6+ Kh3 128. Bc5 Rc2 129. Bg1 Kg3 130. Bb6 Rc6 131. Ba7 Rh6+ 132. Kg1 Rh8
133. Bb6 Rh7 134. Bc5 Rh6 135. Ba7 Rc6 136. Kh1 Rc1+ 137. Bg1 Kh3 1/2-1/2

[Event "Europa ch Femenino 2013"]
[Site "Belgrado SER"]
[Date "2013.07.31"]
[Round "8.7"]
[White "Lagno, Kateryna"]
[Black "Kovanova, Baira"]
[Result "0-1"]
[WhiteElo "2542"]
[BlackElo "2371"]
[PlyCount "110"]
[EventDate "2013.07.23"]
[EventType "swiss"]
[EventRounds "11"]
[EventCountry "SER"]
[Source "lmi"]
[SourceDate "2013.07.22"]

1. e4 e5 2. Nf3 Nc6 3. Bb5 a6 4. Ba4 Nf6 5. O-O Be7 6. Re1 b5 7. Bb3 d6 8. c3
O-O 9. a3 Bb7 10. d4 Na5 11. Bc2 c5 12. b4 Nc4 13. bxc5 dxc5 14. Nxe5 Nxe5 15.
dxe5 Nxe4 16. Qe2 Ng5 17. f4 Ne6 18. f5 Nd4 19. cxd4 Qxd4+ 20. Qf2 Qxa1 21. f6
Bxf6 22. Bb2 Qa2 23. exf6 Rfe8 24. Be5 g6 25. Re2 Qc4 26. Qe3 Qh4 27. Nd2 Rad8
28. h3 Re6 29. Kh2 Rde8 30. Nf3 Bxf3 31. Qxf3 Qg5 32. Bf4 Qxf6 33. Rf2 c4 34.
Bd1 Re1 35. Bc2 R1e6 36. Bd1 Re1 37. Bc2 a5 38. Qg3 Qa1 39. Qg5 b4 40. axb4
axb4 41. Qd5 b3 42. Bxb3 Rh1+ 43. Kg3 Qc3+ 44. Rf3 Qe1+ 45. Kg4 cxb3 46. Be3
Qb4+ 47. Kg3 Qb8+ 48. Bf4 Qc8 49. Bh6 Qc7+ 50. Bf4 Qe7 51. Qxb3 Qe1+ 52. Kg4
Rg1 53. g3 Qe4 54. Qb5 Re1 55. Rf2 h6 0-1

[Event "Europa ch Femenino 2013"]
[Site "Belgrado SER"]
[Date "2013.07.31"]
[Round "8.8"]
[White "Ovod, Evgenija"]
[Black "Cramling, Pia"]
[Result "0-1"]
[WhiteElo "2386"]
[BlackElo "2523"]
[PlyCount "124"]
[EventDate "2013.07.23"]
[EventType "swiss"]
[EventRounds "11"]
[EventCountry "SER"]
[Source "lmi"]
[SourceDate "2013.07.22"]

1. d4 Nf6 2. c4 e6 3. Nc3 Bb4 4. e3 O-O 5. Bd3 d5 6. Nf3 b6 7. O-O Bb7 8. cxd5
exd5 9. Bd2 a6 10. Ne5 Bd6 11. f4 c5 12. Qf3 b5 13. dxc5 Bxc5 14. Rad1 Nbd7 15.
Kh1 Qe7 16. Nxd7 Qxd7 17. Ne2 Rfe8 18. Nd4 Ne4 19. f5 Bxd4 20. exd4 f6 21. g4
a5 22. h4 Rf8 23. Bf4 b4 24. Rc1 Rac8 25. h5 h6 26. Rxc8 Rxc8 27. Rc1 Rxc1+ 28.
Bxc1 Qa4 29. Kg2 Qxa2 30. Qf4 Qb3 31. Qb8+ Kh7 32. Bxe4 dxe4 33. Qxb7 Qf3+ 34.
Kh2 Qf2+ 35. Kh3 Qf1+ 36. Kg3 Qe1+ 37. Kh3 Qf1+ 38. Kg3 Qe1+ 39. Kh3 Qxc1 40.
Qxe4 Qxb2 41. Qe8 Qb3+ 42. Kh4 Qg8 43. Qb5 b3 44. d5 a4 45. d6 a3 46. d7 a2 47.
Qa5 b2 48. d8=Q Qxd8 49. Qxd8 b1=Q 50. Qe8 Qh1+ 51. Kg3 Qg1+ 52. Kh3 Qf1+ 53.
Kh4 Qf2+ 54. Kh3 Qf3+ 55. Kh4 Qd5 56. Qg6+ Kh8 57. Qe8+ Qg8 58. Qa4 Kh7 59. g5
hxg5+ 60. Kg4 Qd5 61. h6 Qg2+ 62. Kh5 Qh3+ 0-1

[Event "Europa ch Femenino 2013"]
[Site "Belgrado SER"]
[Date "2013.07.31"]
[Round "8.9"]
[White "Peptan, Corina-Isabela"]
[Black "Romanko, Marina"]
[Result "1/2-1/2"]
[WhiteElo "2439"]
[BlackElo "2368"]
[PlyCount "99"]
[EventDate "2013.07.23"]
[EventType "swiss"]
[EventRounds "11"]
[EventCountry "SER"]
[Source "lmi"]
[SourceDate "2013.07.22"]

1. e4 c6 2. Nc3 d5 3. Nf3 Bg4 4. h3 Bxf3 5. Qxf3 e6 6. d4 dxe4 7. Qxe4 Nf6 8.
Qd3 Qa5 9. Be2 Nd5 10. O-O Nxc3 11. bxc3 Nd7 12. Bf4 O-O-O 13. Rfb1 Be7 14. Bf3
g5 15. Bh2 Nb6 16. a4 h5 17. c4 g4 18. Bxc6 bxc6 19. Qe4 Kd7 20. c5 Nd5 21. c4
Nc7 22. Rb7 Rc8 23. d5 cxd5 24. cxd5 Qxc5 25. d6 Qc6 26. Qxc6+ Kxc6 27. Rxc7+
Rxc7 28. Rc1+ Kd5 29. dxc7 Rc8 30. Rb1 Kc6 31. Rb8 Kd7 32. Rb7 gxh3 33. gxh3 f6
34. Rxa7 e5 35. Bg3 Rxc7 36. Rxc7+ Kxc7 37. Kg2 Bb4 38. Bh4 f5 39. Bf6 Kd6 40.
Kg3 Ba5 41. Bg5 Kd5 42. Kh4 Be1 43. Be3 f4 44. Bb6 e4 45. Kxh5 e3 46. Bxe3 fxe3
47. fxe3 Ke4 48. Kg5 Kxe3 49. h4 Kd4 50. h5 1/2-1/2